[Event "DVM U16 2020"]
[Site "Willingen GER"]
[Date "2021.06.25"]
[Round "4"]
[White "Kluge, Malte"]
[Black "Sell, Eero"]
[Result "0-1"]
[Termination "normal"]
[Board "6.3"]
[WhiteElo "1652"]
[BlackElo "1766"]
[WhiteClock "00:27:27"]
[BlackClock "00:24:25"]
[WhiteTeam "SF 59 Kornwestheim"]
[BlackTeam "SchVgg Blankenese von 1923 e.V."]
[PlyCount "130"]
[WhiteFideId "16243838"]
[BlackFideId "34606041"]
[EventCountry "GER"]
[EventRounds "7"]
[EventType "team-swiss"]
[EventDate "2021.06.23"]

1. d4 {[%clk 1:30:54]} 1... g6 {[%clk 1:30:57]} 2. c4 {[%clk 1:31:10]} 2... Bg7
{[%clk 1:31:23]} 3. Nf3 {[%clk 1:31:17]} 3... c5 {[%clk 1:31:45]} 4. d5 { [%clk
1:31:24]} 4... d6 {[%clk 1:32:09]} 5. e4 {[%clk 1:30:42]} 5... e6 { [%clk
1:32:29]} 6. Be2 {[%clk 1:28:45]} 6... exd5 {[%clk 1:32:49]} 7. exd5 { [%clk
1:28:48]} 7... Bg4 {[%clk 1:32:50]} 8. O-O {[%clk 1:26:54]} 8... Nd7 { [%clk
1:31:22]} 9. Re1 {[%clk 1:25:08]} 9... Bxf3 {[%clk 1:28:11]} 10. Bxf3+ { [%clk
1:25:31]} 10... Ne5 {[%clk 1:28:15]} 11. Bg4 {[%clk 1:14:14]} 11... Kf8 { [%clk
1:18:55]} 12. Na3 {[%clk 0:57:38]} 12... f5 {[%clk 1:11:49]} 13. Be2 { [%clk
0:52:39]} 13... Nf6 {[%clk 1:09:42]} 14. f4 {[%clk 0:48:08]} 14... Ned7 { [%clk
1:06:16]} 15. Nb5 {[%clk 0:43:10]} 15... Ne4 {[%clk 1:04:03]} 16. Bf3 { [%clk
0:37:55]} 16... a6 {[%clk 0:57:13]} 17. Bxe4 {[%clk 0:35:53]} 17... axb5 {[%clk
0:57:20]} 18. Bf3 {[%clk 0:35:14]} 18... bxc4 {[%clk 0:49:43]} 19. Qc2 { [%clk
0:29:25]} 19... Nb6 {[%clk 0:34:58]} 20. a4 {[%clk 0:24:27]} 20... Kf7 { [%clk
0:29:56]} 21. a5 {[%clk 0:19:22]} 21... Re8 {[%clk 0:28:31]} 22. Bd2 { [%clk
0:16:41]} 22... Rxe1+ {[%clk 0:24:38]} 23. Rxe1 {[%clk 0:16:56]} 23... Nc8
{[%clk 0:21:21]} 24. Qxc4 {[%clk 0:13:24]} 24... Bxb2 {[%clk 0:20:27]} 25. Qb5
{[%clk 0:09:40]} 25... Bd4+ {[%clk 0:20:04]} 26. Kh1 {[%clk 0:07:51]} 26... b6
{[%clk 0:14:44]} 27. axb6 {[%clk 0:06:51]} 27... Nxb6 {[%clk 0:12:30]} 28. Ba5
{[%clk 0:05:28]} 28... Rb8 {[%clk 0:11:46]} 29. Qa6 {[%clk 0:04:36]} 29... Qc8
{[%clk 0:09:04]} 30. Qe2 {[%clk 0:03:13]} 30... Qd7 {[%clk 0:08:27]} 31. Rb1
{[%clk 0:02:23]} 31... Re8 {[%clk 0:08:12]} 32. Qa6 {[%clk 0:02:42]} 32... Na8
{[%clk 0:03:46]} 33. Rb7 {[%clk 0:02:11]} 33... Nc7 {[%clk 0:04:09]} 34. Qc6
{[%clk 0:01:55]} 34... Qxc6 {[%clk 0:03:19]} 35. dxc6 {[%clk 0:02:19]} 35...
Ra8 {[%clk 0:02:42]} 36. Rxc7+ {[%clk 0:02:04]} 36... Ke6 {[%clk 0:01:33] } 37.
Rb7 {[%clk 0:01:21]} 37... Rxa5 {[%clk 0:01:33]} 38. g3 {[%clk 0:00:57]} 38...
c4 {[%clk 0:00:52]} 39. Be2 {[%clk 0:00:40]} 39... Rc5 {[%clk 0:00:56]} 40. Rb4
{[%clk 0:00:45]} 40... d5 {[%clk 0:00:55]} 41. Rb6 {[%clk 0:00:59]} 41... c3
{[%clk 0:25:42]} 42. Bd3 {[%clk 0:29:23]} 42... c2 {[%clk 0:25:15]} 43. Bxc2
{[%clk 0:26:41]} 43... Rxc2 {[%clk 0:25:21]} 44. Rb7 {[%clk 0:26:27]} 44...
Rxc6 {[%clk 0:25:12]} 45. Rxh7 {[%clk 0:26:33]} 45... Rc2 {[%clk 0:22:34] } 46.
Rb7 {[%clk 0:26:34]} 46... Be3 {[%clk 0:22:15]} 47. Rg7 {[%clk 0:26:24]} 47...
Kf6 {[%clk 0:22:25]} 48. Rd7 {[%clk 0:26:43]} 48... d4 {[%clk 0:22:40]} 49.
Rd6+ {[%clk 0:26:45]} 49... Kg7 {[%clk 0:23:00]} 50. Rd7+ {[%clk 0:27:10]}
50... Kh6 {[%clk 0:23:25]} 51. h3 {[%clk 0:26:33]} 51... Rd2 {[%clk 0:23:34]}
52. g4 {[%clk 0:26:37]} 52... fxg4 {[%clk 0:23:21]} 53. hxg4 {[%clk 0:26:53]}
53... d3 {[%clk 0:23:43]} 54. f5 {[%clk 0:27:00]} 54... gxf5 {[%clk 0:24:02]}
55. gxf5 {[%clk 0:27:05]} 55... Kg5 {[%clk 0:24:15]} 56. Rg7+ {[%clk 0:27:09]}
56... Kxf5 {[%clk 0:24:25]} 57. Rf7+ {[%clk 0:27:27]} 57... Kg4 58. Rg7+ Kf3
59. Rg3+ Ke4 60. Rg8 Bf4 61. Re8+ Kf3 62. Rg8 Rd1+ 63. Rg1 Rxg1+ 64. Kxg1 d2
65. Kh1 d1=R# 0-1

[Event "DVM U16 2020"]
[Site "Willingen GER"]
[Date "2021.06.25"]
[Round "4"]
[White "Tao, Alexander"]
[Black "Afonso, Phil"]
[Result "1/2-1/2"]
[Termination "normal"]
[Board "6.4"]
[WhiteElo "1631"]
[BlackElo "1542"]
[WhiteClock "01:03:22"]
[BlackClock "01:10:52"]
[WhiteTeam "SchVgg Blankenese von 1923 e.V."]
[BlackTeam "SF 59 Kornwestheim"]
[PlyCount "46"]
[WhiteFideId "34606033"]
[BlackFideId "16207475"]
[EventCountry "GER"]
[EventRounds "7"]
[EventType "team-swiss"]
[EventDate "2021.06.23"]

1. e4 {[%clk 1:30:57]} 1... e5 {[%clk 1:30:55]} 2. Nf3 {[%clk 1:31:17]} 2...
Nc6 {[%clk 1:31:22]} 3. Bc4 {[%clk 1:31:39]} 3... Bc5 {[%clk 1:31:46]} 4. c3 {
[%clk 1:32:00]} 4... Nf6 {[%clk 1:32:12]} 5. d3 {[%clk 1:32:10]} 5... O-O {
[%clk 1:32:30]} 6. b4 {[%clk 1:32:21]} 6... Bd6 {[%clk 1:31:56]} 7. Bg5 { [%clk
1:32:03]} 7... a6 {[%clk 1:31:56]} 8. O-O {[%clk 1:31:43]} 8... h6 { [%clk
1:32:12]} 9. Bh4 {[%clk 1:31:51]} 9... Be7 {[%clk 1:32:04]} 10. Nbd2 { [%clk
1:31:39]} 10... d6 {[%clk 1:32:26]} 11. Re1 {[%clk 1:30:18]} 11... Be6 { [%clk
1:26:40]} 12. Bxe6 {[%clk 1:26:29]} 12... fxe6 {[%clk 1:26:57]} 13. Qb3 { [%clk
1:26:17]} 13... Qd7 {[%clk 1:26:59]} 14. a4 {[%clk 1:26:25]} 14... Nh5 { [%clk
1:26:31]} 15. Bg3 {[%clk 1:18:27]} 15... Nf4 {[%clk 1:26:02]} 16. Bxf4 { [%clk
1:18:33]} 16... Rxf4 {[%clk 1:26:22]} 17. b5 {[%clk 1:18:10]} 17... Nd8 { [%clk
1:25:51]} 18. bxa6 {[%clk 1:17:30]} 18... Rxa6 {[%clk 1:26:00]} 19. Qc2 { [%clk
1:12:26]} 19... Qe8 {[%clk 1:23:23]} 20. Nf1 {[%clk 1:10:36]} 20... Qg6 { [%clk
1:21:05]} 21. Qe2 {[%clk 1:10:00]} 21... Qe8 {[%clk 1:21:04]} 22. Qc2 { [%clk
1:06:45]} 22... Qg6 {[%clk 1:20:18]} 23. Qe2 {[%clk 1:03:22]} 23... Qe8 { [%clk
1:10:52]} 1/2-1/2

[Event "DVM U16 2020"]
[Site "Willingen GER"]
[Date "2021.06.25"]
[Round "4"]
[White "Danninger, Jannik"]
[Black "Weishäutel, Moritz"]
[Result "0-1"]
[Termination "normal"]
[Board "7.1"]
[WhiteElo "1921"]
[BlackElo "2207"]
[WhiteClock "00:23:19"]
[BlackClock "00:43:23"]
[WhiteTeam "TV Tegernsee"]
[BlackTeam "Erfurter Schachklub"]
[PlyCount "88"]
[WhiteFideId "16226402"]
[BlackFideId "12967300"]
[EventCountry "GER"]
[EventRounds "7"]
[EventType "team-swiss"]
[EventDate "2021.06.23"]

1. e4 {[%clk 1:30:57]} 1... c5 {[%clk 1:30:56]} 2. Nf3 {[%clk 1:31:22]} 2... d6
{[%clk 1:31:22]} 3. d4 {[%clk 1:31:46]} 3... cxd4 {[%clk 1:31:50]} 4. Nxd4 {
[%clk 1:32:09]} 4... Nf6 {[%clk 1:32:15]} 5. Nc3 {[%clk 1:32:32]} 5... a6 {
[%clk 1:32:42]} 6. Be2 {[%clk 1:31:32]} 6... Nbd7 {[%clk 1:33:06]} 7. O-O {
[%clk 1:31:35]} 7... g6 {[%clk 1:33:23]} 8. Be3 {[%clk 1:31:40]} 8... Bg7 {
[%clk 1:33:48]} 9. Nb3 {[%clk 1:31:09]} 9... O-O {[%clk 1:32:18]} 10. f4 {
[%clk 1:31:09]} 10... b5 {[%clk 1:30:52]} 11. Bf3 {[%clk 1:30:51]} 11... Bb7 {
[%clk 1:30:44]} 12. g4 {[%clk 1:27:54]} 12... b4 {[%clk 1:23:32]} 13. Nd5 {
[%clk 1:18:58]} 13... Nxd5 {[%clk 1:23:44]} 14. exd5 {[%clk 1:19:15]} 14...
Bxb2 {[%clk 1:23:05]} 15. Rb1 {[%clk 1:19:20]} 15... Bg7 {[%clk 1:23:20]} 16.
Nd4 {[%clk 1:16:48]} 16... a5 {[%clk 1:21:25]} 17. Nc6 {[%clk 1:08:05]} 17...
Bxc6 {[%clk 1:18:01]} 18. dxc6 {[%clk 1:05:21]} 18... Nc5 {[%clk 1:17:24]} 19.
Bxc5 {[%clk 0:51:30]} 19... dxc5 {[%clk 1:17:49]} 20. Qxd8 {[%clk 0:49:06]}
20... Raxd8 {[%clk 1:18:18]} 21. Rbd1 {[%clk 0:48:26]} 21... Bd4+ { [%clk
1:15:55]} 22. Kg2 {[%clk 0:46:46]} 22... Rd6 {[%clk 1:13:41]} 23. Rfe1 { [%clk
0:46:10]} 23... e6 {[%clk 1:11:52]} 24. Rd3 {[%clk 0:39:52]} 24... Rc8 { [%clk
1:06:43]} 25. Red1 {[%clk 0:38:35]} 25... Rdxc6 {[%clk 0:46:15]} 26. Bxc6
{[%clk 0:36:17]} 26... Rxc6 {[%clk 0:46:44]} 27. Rf1 {[%clk 0:31:33]} 27... f6
{[%clk 0:43:12]} 28. h4 {[%clk 0:28:53]} 28... Rb6 {[%clk 0:40:07]} 29. Rh1 {
[%clk 0:23:48]} 29... h5 {[%clk 0:22:44]} 30. Rg3 {[%clk 0:20:22]} 30... Kf7 {
[%clk 0:22:47]} 31. Kf1 {[%clk 0:18:51]} 31... a4 {[%clk 0:21:52]} 32. gxh5 {
[%clk 0:16:44]} 32... gxh5 {[%clk 0:22:20]} 33. Ke2 {[%clk 0:12:29]} 33... c4 {
[%clk 0:21:28]} 34. Rd1 {[%clk 0:11:33]} 34... e5 {[%clk 0:21:35]} 35. fxe5 {
[%clk 0:11:28]} 35... Bxe5 {[%clk 0:21:46]} 36. Re3 {[%clk 0:05:50]} 36... b3 {
[%clk 0:21:52]} 37. axb3 {[%clk 0:04:41]} 37... cxb3 {[%clk 0:22:14]} 38. cxb3
{[%clk 0:05:06]} 38... axb3 {[%clk 0:22:41]} 39. Rb1 {[%clk 0:04:08]} 39... b2
{[%clk 0:23:07]} 40. Ra3 {[%clk 0:02:49]} 40... Rb4 {[%clk 0:19:57]} 41. Rh3 {
[%clk 0:01:51]} 41... Ke6 {[%clk 0:14:52]} 42. Kd2 {[%clk 0:29:27]} 42... Rc4 {
[%clk 0:44:02]} 43. Rbh1 {[%clk 0:28:12]} 43... Rc1 {[%clk 0:43:14]} 44. Rxc1 {
[%clk 0:23:19]} 44... Bf4+ {[%clk 0:43:23]} 0-1

[Event "DVM U16 2020"]
[Site "Willingen GER"]
[Date "2021.06.25"]
[Round "4"]
[White "Seinsoth, Paul"]
[Black "Dietlmeier, Tobias"]
[Result "0-1"]
[Termination "normal"]
[Board "7.2"]
[WhiteElo "1737"]
[BlackElo "1818"]
[WhiteClock "01:15:49"]
[BlackClock "00:09:25"]
[WhiteTeam "Erfurter Schachklub"]
[BlackTeam "TV Tegernsee"]
[PlyCount "128"]
[WhiteFideId "12994634"]
[BlackFideId "16213963"]
[EventCountry "GER"]
[EventRounds "7"]
[EventType "team-swiss"]
[EventDate "2021.06.23"]

1. e4 {[%clk 1:30:56]} 1... c5 {[%clk 1:30:35]} 2. Nf3 {[%clk 1:31:11]} 2... d6
{[%clk 1:30:56]} 3. d4 {[%clk 1:31:31]} 3... cxd4 {[%clk 1:31:13]} 4. Nxd4 {
[%clk 1:31:55]} 4... Nf6 {[%clk 1:31:16]} 5. Nc3 {[%clk 1:32:11]} 5... g6 {
[%clk 1:31:31]} 6. f3 {[%clk 1:31:16]} 6... Bg7 {[%clk 1:30:51]} 7. Be3 { [%clk
1:31:16]} 7... O-O {[%clk 1:30:06]} 8. Qd2 {[%clk 1:30:59]} 8... Nc6 { [%clk
1:29:41]} 9. O-O-O {[%clk 1:31:05]} 9... d5 {[%clk 1:22:03]} 10. exd5 { [%clk
1:29:19]} 10... Nxd5 {[%clk 1:22:08]} 11. Nxc6 {[%clk 1:29:22]} 11... bxc6
{[%clk 1:21:14]} 12. Nxd5 {[%clk 1:29:33]} 12... cxd5 {[%clk 1:19:49]} 13. Qxd5
{[%clk 1:27:25]} 13... Qc7 {[%clk 1:17:05]} 14. Qc5 {[%clk 1:26:33]} 14... Qb7
{[%clk 1:12:51]} 15. Bd4 {[%clk 1:21:17]} 15... Bf5 {[%clk 1:06:08]} 16. Bd3
{[%clk 1:10:24]} 16... Rfc8 {[%clk 0:46:33]} 17. Qa3 {[%clk 1:08:36]} 17... e5
{[%clk 0:43:02]} 18. Bxf5 {[%clk 1:05:19]} 18... gxf5 {[%clk 0:42:07]} 19. Bc3
{[%clk 1:04:32]} 19... Rab8 {[%clk 0:36:11]} 20. Rd3 {[%clk 1:02:06]} 20... Bf8
{[%clk 0:22:25]} 21. Qb3 {[%clk 0:59:23]} 21... Qe7 {[%clk 0:14:31]} 22. Qd5
{[%clk 0:56:09]} 22... Rc5 {[%clk 0:14:13]} 23. Qd7 {[%clk 0:55:41]} 23... Bh6+
{[%clk 0:08:23]} 24. Kb1 {[%clk 0:54:51]} 24... Qxd7 {[%clk 0:08:26]} 25. Rxd7
{[%clk 0:54:53]} 25... Rxc3 {[%clk 0:08:35]} 26. Rhd1 {[%clk 0:54:56]} 26...
Re3 {[%clk 0:07:55]} 27. Rxa7 {[%clk 0:54:13]} 27... Re2 {[%clk 0:07:43]} 28.
Rad7 {[%clk 0:54:27]} 28... Rxg2 {[%clk 0:07:42]} 29. Rd8+ {[%clk 0:54:40]}
29... Rxd8 {[%clk 0:08:06]} 30. Rxd8+ {[%clk 0:55:08]} 30... Kg7 { [%clk
0:08:27]} 31. b4 {[%clk 0:55:19]} 31... e4 {[%clk 0:08:26]} 32. fxe4 { [%clk
0:55:28]} 32... fxe4 {[%clk 0:08:46]} 33. Re8 {[%clk 0:55:30]} 33... e3 { [%clk
0:08:44]} 34. Kb2 {[%clk 0:55:36]} 34... e2 {[%clk 0:06:08]} 35. b5 { [%clk
0:55:40]} 35... Bd2 {[%clk 0:06:05]} 36. b6 {[%clk 0:54:12]} 36... Rg6 { [%clk
0:02:42]} 37. Rxe2 {[%clk 0:53:32]} 37... Rxb6+ {[%clk 0:03:05]} 38. Ka3 {[%clk
0:53:50]} 38... Bc1+ {[%clk 0:02:01]} 39. Ka4 {[%clk 0:54:11]} 39... Ra6+
{[%clk 0:02:00]} 40. Kb3 {[%clk 0:53:55]} 40... Ra3+ {[%clk 0:02:17]} 41. Kb4
{[%clk 0:53:53]} 41... Rxa2 {[%clk 0:02:23]} 42. Kb3 {[%clk 0:54:02]} 42...
Ra3+ {[%clk 0:01:50]} 43. Kc4 {[%clk 0:54:23]} 43... Rh3 {[%clk 0:29:43]} 44.
Kd5 {[%clk 1:22:49]} 44... Bf4 {[%clk 0:29:04]} 45. c4 {[%clk 1:22:52]} 45...
Rxh2 {[%clk 0:29:02]} 46. Re4 {[%clk 1:23:11]} 46... Rd2+ {[%clk 0:28:26]} 47.
Kc6 {[%clk 1:23:21]} 47... Bh2 {[%clk 0:27:33]} 48. c5 {[%clk 1:23:24]} 48...
f5 {[%clk 0:23:00]} 49. Re3 {[%clk 1:21:16]} 49... Kf6 {[%clk 0:16:25]} 50. Kb7
{[%clk 1:20:59]} 50... Rb2+ {[%clk 0:16:05]} 51. Kc6 {[%clk 1:19:28]} 51... Rc2
{[%clk 0:15:47]} 52. Re1 {[%clk 1:19:47]} 52... Be5 {[%clk 0:10:21]} 53. Rh1 {
[%clk 1:18:23]} 53... Rh2 {[%clk 0:10:32]} 54. Rf1 {[%clk 1:18:35]} 54... h5 {
[%clk 0:10:37]} 55. Kd5 {[%clk 1:18:14]} 55... h4 {[%clk 0:10:20]} 56. c6 {
[%clk 1:18:07]} 56... Rc2 {[%clk 0:09:50]} 57. Rh1 {[%clk 1:18:18]} 57... Bg3 {
[%clk 0:09:39]} 58. Rg1 {[%clk 1:17:06]} 58... f4 {[%clk 0:09:24]} 59. Ke4 {
[%clk 1:15:40]} 59... Rxc6 {[%clk 0:09:29]} 60. Kf3 {[%clk 1:15:59]} 60... h3 {
[%clk 0:09:38]} 61. Kg4 {[%clk 1:15:30]} 61... h2 {[%clk 0:09:45]} 62. Rh1 {
[%clk 1:15:28]} 62... Re6 {[%clk 0:09:36]} 63. Kf3 {[%clk 1:15:39]} 63... Kg5 {
[%clk 0:09:25]} 64. Kg2 {[%clk 1:15:49]} 64... Kg4 0-1

[Event "DVM U16 2020"]
[Site "Willingen GER"]
[Date "2021.06.25"]
[Round "4"]
[White "Cheredzhiyska, Iva"]
[Black "Nakhle, Fabrice"]
[Result "1-0"]
[Termination "normal"]
[Board "7.3"]
[WhiteElo "1601"]
[BlackElo "1254"]
[WhiteClock "00:22:21"]
[BlackClock "00:23:23"]
[WhiteTeam "TV Tegernsee"]
[BlackTeam "Erfurter Schachklub"]
[PlyCount "49"]
[WhiteFideId "16241622"]
[BlackFideId "34606009"]
[EventCountry "GER"]
[EventRounds "7"]
[EventType "team-swiss"]
[EventDate "2021.06.23"]

1. e4 1... c5 {[%clk 1:30:47]} 2. Nf3 {[%clk 1:31:02]} 2... a6 {[%clk 1:30:31]}
3. d4 {[%clk 1:29:59]} 3... cxd4 {[%clk 1:30:41]} 4. Nxd4 {[%clk 1:30:06]} 4...
Nf6 {[%clk 1:30:58]} 5. Nc3 {[%clk 1:29:19]} 5... e5 {[%clk 1:22:17]} 6. Nb3 {
[%clk 1:13:39]} 6... Bb4 7. Bc4 {[%clk 1:13:34]} 7... Bxc3+ {[%clk 1:19:31]} 8.
bxc3 {[%clk 1:10:25]} 8... Qc7 {[%clk 1:15:31]} 9. Qd3 {[%clk 1:06:59]} 9...
O-O {[%clk 1:08:33]} 10. O-O 10... b5 {[%clk 1:03:55]} 11. Bd5 {[%clk 1:07:05]}
11... Nxd5 12. exd5 {[%clk 1:07:17]} 12... Bb7 {[%clk 1:03:02]} 13. Ba3 { [%clk
1:03:56]} 13... Re8 {[%clk 0:57:57]} 14. d6 {[%clk 0:55:33]} 14... Qc6 { [%clk
0:56:12]} 15. Qg3 {[%clk 0:52:11]} 15... e4 {[%clk 0:49:57]} 16. Na5 { [%clk
0:48:12]} 16... Qb6 {[%clk 0:42:36]} 17. Nxb7 {[%clk 0:45:44]} 17... Qxb7
{[%clk 0:42:54]} 18. Bb2 {[%clk 0:39:14]} 18... Qb6 {[%clk 0:39:50]} 19. c4 {
[%clk 0:37:42]} 19... f6 {[%clk 0:37:23]} 20. Bxf6 {[%clk 0:37:13]} 20... g6
21. Rad1 21... e3 {[%clk 0:31:12]} 22. Bd4 {[%clk 0:33:11]} 22... Qd8 { [%clk
0:26:25]} 23. fxe3 {[%clk 0:28:19]} 23... Nc6 {[%clk 0:24:27]} 24. Qf3 { [%clk
0:22:17]} 24... Rf8 {[%clk 0:23:23]} 25. Qd5+ {[%clk 0:22:21]} 1-0

[Event "DVM U16 2020"]
[Site "Willingen GER"]
[Date "2021.06.25"]
[Round "4"]
[White "Wildner, Mateo"]
[Black "Stoib, Marinus"]
[Result "1-0"]
[Termination "normal"]
[Board "7.4"]
[WhiteElo "1176"]
[BlackElo "1680"]
[WhiteClock "00:14:50"]
[BlackClock "00:41:02"]
[WhiteTeam "Erfurter Schachklub"]
[BlackTeam "TV Tegernsee"]
[PlyCount "89"]
[WhiteFideId "34605991"]
[BlackFideId "12994901"]
[EventCountry "GER"]
[EventRounds "7"]
[EventType "team-swiss"]
[EventDate "2021.06.23"]

1. d4 {[%clk 1:30:58]} 1... Nf6 {[%clk 1:30:52]} 2. c4 {[%clk 1:31:25]} 2... g6
{[%clk 1:31:05]} 3. Nc3 {[%clk 1:31:52]} 3... Bg7 {[%clk 1:31:21]} 4. e4 {
[%clk 1:32:15]} 4... d6 {[%clk 1:31:42]} 5. f3 {[%clk 1:32:38]} 5... Nbd7 {
[%clk 1:31:10]} 6. Be3 {[%clk 1:32:11]} 6... e5 {[%clk 1:30:03]} 7. d5 { [%clk
1:31:55]} 7... O-O {[%clk 1:29:35]} 8. Bd3 {[%clk 1:30:35]} 8... Ne8 { [%clk
1:27:50]} 9. Nge2 {[%clk 1:29:05]} 9... Kh8 {[%clk 1:27:18]} 10. Qd2 { [%clk
1:28:41]} 10... f5 {[%clk 1:26:43]} 11. g3 {[%clk 1:27:43]} 11... f4 { [%clk
1:21:10]} 12. gxf4 {[%clk 1:23:54]} 12... exf4 {[%clk 1:21:26]} 13. Bxf4 {[%clk
1:23:20]} 13... Ne5 {[%clk 1:21:17]} 14. Bxe5 {[%clk 1:16:31]} 14... Bxe5
{[%clk 1:21:22]} 15. f4 {[%clk 1:16:52]} 15... Qh4+ {[%clk 1:21:33]} 16. Kd1
{[%clk 1:15:38]} 16... Bxf4 {[%clk 1:20:55]} 17. Nxf4 {[%clk 1:14:28]} 17...
Rxf4 {[%clk 1:21:10]} 18. Rf1 {[%clk 1:10:25]} 18... Bg4+ {[%clk 1:18:57] } 19.
Kc2 {[%clk 1:10:10]} 19... Rf6 {[%clk 1:14:04]} 20. Rxf6 {[%clk 1:07:08]} 20...
Nxf6 {[%clk 1:13:47]} 21. Rf1 {[%clk 1:05:31]} 21... Kg7 {[%clk 1:11:52]} 22.
c5 {[%clk 0:51:36]} 22... a6 {[%clk 1:07:08]} 23. cxd6 {[%clk 0:49:16]} 23...
cxd6 {[%clk 1:07:27]} 24. Qf4 {[%clk 0:48:32]} 24... Rf8 {[%clk 1:00:21]} 25.
Qxd6 {[%clk 0:45:08]} 25... Rf7 {[%clk 0:58:39]} 26. e5 {[%clk 0:39:22]} 26...
Qxh2+ {[%clk 0:58:03]} 27. Kb3 {[%clk 0:38:10]} 27... Qh3 {[%clk 0:52:47] } 28.
exf6+ {[%clk 0:36:48]} 28... Kh6 {[%clk 0:52:39]} 29. Qf4+ { [%clk 0:36:25]}
29... g5 {[%clk 0:52:48]} 30. Qd2 {[%clk 0:33:45]} 30... b5 { [%clk 0:51:00]}
31. Rf2 {[%clk 0:33:22]} 31... Bh5 {[%clk 0:50:49]} 32. Ne4 { [%clk 0:30:04]}
32... Qg4 {[%clk 0:46:52]} 33. Qe3 {[%clk 0:28:40]} 33... Qd1+ {[%clk 0:46:24]}
34. Rc2 {[%clk 0:27:59]} 34... Qg4 {[%clk 0:44:20]} 35. Qd2 { [%clk 0:21:41]}
35... Qf5 {[%clk 0:43:55]} 36. Rc5 {[%clk 0:20:17]} 36... Qg4 { [%clk 0:42:54]}
37. Kc2 {[%clk 0:17:54]} 37... Qg1 {[%clk 0:42:15]} 38. d6 { [%clk 0:16:06]}
38... Rxf6 {[%clk 0:42:23]} 39. Qxg5+ {[%clk 0:15:45]} 39... Qxg5 {[%clk
0:42:37]} 40. Rxg5 {[%clk 0:16:13]} 40... Rf7 {[%clk 0:42:05]} 41. Rd5 {[%clk
0:15:40]} 41... Bg4 {[%clk 0:41:49]} 42. Nc5 {[%clk 0:14:49]} 42... Rf2+ {[%clk
0:40:28]} 43. Kc3 {[%clk 0:14:42]} 43... b4+ {[%clk 0:40:41]} 44. Kxb4 {[%clk
0:14:39]} 44... Rxb2+ {[%clk 0:41:02]} 45. Nb3 {[%clk 0:14:50]} 1-0

[Event "DVM U16 2020"]
[Site "Willingen GER"]
[Date "2021.06.25"]
[Round "4"]
[White "Farokhi, Keyvan"]
[Black "Weidemann, Jakob"]
[Result "0-1"]
[Termination "normal"]
[Board "8.1"]
[WhiteElo "2059"]
[BlackElo "1570"]
[WhiteClock "00:16:59"]
[BlackClock "00:44:23"]
[WhiteTeam "SK Doppelbauer Kiel"]
[BlackTeam "Schachklub Münster 32 e. V."]
[PlyCount "104"]
[WhiteFideId "12998630"]
[BlackFideId "16255470"]
[EventCountry "GER"]
[EventRounds "7"]
[EventType "team-swiss"]
[EventDate "2021.06.23"]

1. e4 {[%clk 1:30:56]} 1... c5 {[%clk 1:30:56]} 2. Nf3 {[%clk 1:31:20]} 2... d6
{[%clk 1:31:21]} 3. c3 {[%clk 1:31:32]} 3... Nf6 {[%clk 1:31:40]} 4. Bd3 {
[%clk 1:31:51]} 4... Nc6 {[%clk 1:31:33]} 5. O-O {[%clk 1:32:01]} 5... Bg4 {
[%clk 1:31:51]} 6. h3 {[%clk 1:32:00]} 6... Bxf3 {[%clk 1:31:54]} 7. Qxf3 {
[%clk 1:32:21]} 7... g6 {[%clk 1:32:12]} 8. Bc2 {[%clk 1:32:33]} 8... Bg7 {
[%clk 1:32:18]} 9. d3 {[%clk 1:31:46]} 9... O-O {[%clk 1:32:33]} 10. Be3 {
[%clk 1:30:33]} 10... Rc8 {[%clk 1:31:22]} 11. Nd2 {[%clk 1:30:31]} 11... b5 {
[%clk 1:31:29]} 12. a4 {[%clk 1:27:38]} 12... b4 {[%clk 1:31:50]} 13. Rac1 {
[%clk 1:26:02]} 13... Nd7 {[%clk 1:30:37]} 14. Bb3 {[%clk 1:26:08]} 14... Qa5 {
[%clk 1:27:10]} 15. Nc4 {[%clk 1:25:11]} 15... Nde5 {[%clk 1:27:21]} 16. Nxe5 {
[%clk 1:24:31]} 16... Nxe5 {[%clk 1:27:14]} 17. Qe2 {[%clk 1:22:58]} 17... bxc3
{[%clk 1:23:46]} 18. bxc3 {[%clk 1:18:54]} 18... Rb8 {[%clk 1:18:42]} 19. Bd1 {
[%clk 1:14:29]} 19... c4 {[%clk 1:07:35]} 20. dxc4 {[%clk 1:11:07]} 20... Nd7 {
[%clk 1:07:44]} 21. Bd4 {[%clk 1:01:52]} 21... Rfc8 {[%clk 1:06:59]} 22. Qa2 {
[%clk 0:53:27]} 22... Bh6 {[%clk 1:03:31]} 23. f4 {[%clk 0:38:01]} 23... e5 {
[%clk 1:03:19]} 24. fxe5 {[%clk 0:27:46]} 24... Bxc1 {[%clk 0:52:13]} 25. c5 {
[%clk 0:26:24]} 25... Nxe5 {[%clk 0:43:45]} 26. Bxe5 {[%clk 0:25:51]} 26...
Qxc5+ {[%clk 0:42:40]} 27. Bd4 {[%clk 0:26:00]} 27... Be3+ {[%clk 0:42:58]} 28.
Kh1 {[%clk 0:24:02]} 28... Bxd4 {[%clk 0:42:57]} 29. Qxf7+ {[%clk 0:23:21]}
29... Kh8 {[%clk 0:43:19]} 30. cxd4 {[%clk 0:23:40]} 30... Qxd4 {[%clk 0:43:15]
} 31. Bf3 {[%clk 0:22:29]} 31... Rf8 {[%clk 0:41:29]} 32. Qd7 {[%clk 0:22:11]}
32... Qd3 {[%clk 0:37:47]} 33. Rd1 {[%clk 0:18:26]} 33... Rb1 {[%clk 0:35:29]}
34. Rxb1 {[%clk 0:18:45]} 34... Qxb1+ {[%clk 0:35:52]} 35. Kh2 {[%clk 0:19:12]}
35... Qb2 {[%clk 0:35:10]} 36. Kh1 {[%clk 0:15:56]} 36... Qc1+ {[%clk 0:33:56]}
37. Kh2 {[%clk 0:16:19]} 37... Qf4+ {[%clk 0:34:18]} 38. Kg1 {[%clk 0:15:43]}
38... Rf7 {[%clk 0:34:10]} 39. Qc6 {[%clk 0:14:30]} 39... Kg7 40. a5 { [%clk
0:09:53]} 40... Qe3+ {[%clk 0:25:44]} 41. Kh1 {[%clk 0:06:49]} 41... Qc5 {[%clk
0:25:53]} 42. Qa4 {[%clk 0:05:17]} 42... Rc7 {[%clk 0:26:01]} 43. a6 { [%clk
0:03:50]} 43... Qc1+ {[%clk 0:23:25]} 44. Kh2 {[%clk 0:03:48]} 44... Qf4+
{[%clk 0:23:47]} 45. Kg1 {[%clk 0:04:08]} 45... Qe3+ {[%clk 0:20:01]} 46. Kh2 {
[%clk 0:04:01]} 46... h5 {[%clk 0:19:51]} 47. Qa1+ {[%clk 0:26:44]} 47... Qc3 {
[%clk 0:50:13]} 48. Qa4 {[%clk 0:21:29]} 48... h4 {[%clk 0:50:02]} 49. Qd1 {
[%clk 0:21:27]} 49... Qe5+ {[%clk 0:48:36]} 50. Kg1 {[%clk 0:21:14]} 50... Rc4
{[%clk 0:44:17]} 51. Qb1 {[%clk 0:16:44]} 51... Qc5+ {[%clk 0:44:26]} 52. Kh2 {
[%clk 0:16:59]} 52... Rc1 {[%clk 0:44:23]} 0-1